Vista normal
Vista MARC
Entrada Materia (personas)
Número de registros utilizados en: 1
001 - CONTROL NUMBER
- control field: 39195
003 - CONTROL NUMBER IDENTIFIER
- control field: Co-BoUCM
005 - DATE AND TIME OF LATEST TRANSACTION
- control field: 20130614082923.0
008 - FIXED-LENGTH DATA ELEMENTS
- fixed length control field: 130614|| aca||aabn | a|a d
040 ## - CATALOGING SOURCE
- Original cataloging agency: Co-BoUCM
- Transcribing agency: Co-BoUCM
100 ## - HEADING--PERSONAL NAME
- Personal name: Boniface VIII, Pope
- Dates associated with a name: -1303
670 ## - SOURCE DATA FOUND
- Source citation: Work cat.: (Co-BoUCM)70230: Liber sextus decretalium D. Bonifacii Papae VIII, 1591